| 000 | 01131nam a2200313 4500 | ||
|---|---|---|---|
| 003 | EG-GICUC | ||
| 005 | 20260121101455.0 | ||
| 008 | 251213s1981 ua ||||fr|||| 000 0 eng d | ||
| 040 |
_a EG-GICUC _c EG-GICUC _d EG-GICUC _erda _bara |
||
| 041 | 1 | _aara | |
| 082 | 0 | 4 |
_221 _a257.2 _bم ح . ن |
| 092 | 0 | 4 | _221 |
| 099 | _aLaw1 01 257.2 م ح . ن 1981 | ||
| 100 | 0 |
_aمحمود حلمي. _eمؤلف. |
|
| 245 | 1 | 0 |
_aنظام الحكم الإسلامي : _bمقارنا بالنظم المعاصرة / _cمحمود حلمي. |
| 250 | _aالطبعة السادسة. | ||
| 264 | 1 |
_a[غير محدد] : _b[غيرمحدد]، _c1981. |
|
| 300 | 3 |
_a415 صفحة، صفحات غير مرقمة ؛ _c24 سم. |
|
| 336 |
_2rda content _atext |
||
| 337 |
_2rda media _aComputer |
||
| 338 |
_2rda carrier _aOnline Resource |
||
| 504 | _aيشتمل على إرجاعات ببليوجرافية. | ||
| 546 | _aالنص باللغة العربية | ||
| 650 | 1 | _2النظام السياسي. | |
| 651 | 1 | _2qrmak | |
| 856 | 4 | 0 | _uhttps://fll.law.cu.edu.eg/fulltext/bks/B01-03208.pdf |
| 905 |
_a62 _eYara |
||
| 942 |
_2ddc _cBK _e21 _n0 |
||
| 999 |
_c50005 _d50005 |
||